000 01468nam2a22002651 4500
001 RU\NLR\INFOCOMM7\5000046737
005 20250617033515.0
035 _a(NLR Aleph) 002418715
090 _a1883907
_c1883907
100 _a20040125d1985 |||y0rusy50 ca
101 0 _arus
102 _aRU
105 _ay ||||000|y
200 1 _aСовременные средства для автоматического измерения размеров сечения проката за рубежом
_fВ.Я. Ободан, Р.С. Чудновская
210 _d1985
_aБ. м.
461 0 _1001RU\NLR\INFOCOMM7\5000046284
_12001#$aЧерная металлургия$eОбзор информ.$hСерия 15$iАвтоматизация металлургического производства$fЦНИИ информ. и техн.-экон. исслед. чер. металлургии$v1985, Вып.5
_91878672
_cМ.
_d1966-
_fЦНИИ информ. и техн.-экон. исслед. чер. металлургии
_hСерия 15
_iАвтоматизация металлургического производства
_oОбзор информ.
_tЧерная металлургия
_x0135-5740
_v1985, Вып.5
700 1 _aОбодан
_bВ.Я.
_4070
701 1 _aЧудновская
_bР.С.
_4070
801 1 _aRU
_bInfoComm
_c20040125
801 0 _aRU
_bNLR
_gPSBO
852 _aNLR
_bС
_jП11/2621
942 _cISSUE
980 _aNB
980 _aRUSPER